000 00573cam a2200205 4500500
005 20260329002358.0
041 _afre
042 _adc
100 1 0 _aMichaud, Yves
_eauthor
245 0 0 _aIbiza, l’usine à plaisirs
260 _c2012.
500 _a71
690 _aHédonisme
690 _aIbiza
690 _aMichaud
690 _aPlaisir
690 _aTourisme
786 0 _nPhilosophie magazine | 58 | 4 | 2012-04-01 | p. 7-9 | 1951-1787
856 4 1 _uhttps://shs.cairn.info/magazine-philosophie-magazine-2012-4-page-7?lang=fr&redirect-ssocas=7080
999 _c1814386
_d1814386